| 000 | 01892nam a2200337 4500 | ||
|---|---|---|---|
| 001 | 39 | ||
| 003 | OSt | ||
| 005 | 20250528074010.0 | ||
| 008 | 250121b |||||||g |||| 00| 1 eng d | ||
| 040 | _bpor | ||
| 041 |
_heng _apor |
||
| 082 |
_a813 _bB118h |
||
| 100 | 1 |
_aBach, Richard, _d1936- _999 |
|
| 240 | _aJonathan Livingston Seagull-a story | ||
| 245 |
_aA história de Fernão Capelo Gaivota / _cBach, Richard ; Tradução de Antonio Ramos Rosa e Madalena Rosález ; Fotografia de Russell Munson |
||
| 260 |
_aRio de Janeiro _bNordica _c1975 |
||
| 300 |
_a148 p. _bil. |
||
| 520 | _aUm dia, enquanto pensava sobre a vida, o ex-piloto da Força Aérea americana Richard Bach escutou uma voz misteriosa que começou a lhe contar a história de uma gaivota que queria voar mais alto e mais rápido. Impressionado com a inexplicável inspiração, Bach escreveu tudo o que ouviu. Ao final, tinha em mãos uma das obras mais populares e importantes das últimas décadas: Fernão Capelo Gaivota , uma aventura emocionante sobre liberdade, que influenciou, motivou e mudou para melhor a vida de milhões de pessoas no mundo todo. Essa é uma história para pessoas que seguem seu coração e fazem suas próprias regras, pessoas que sentem um prazer especial em fazer algo bem, mesmo que apenas para si mesmas, pessoas que sabem que existe mais no mundo do que aquilo que se pode ver - elas estão lá, com Fernão, voando mais alto e mais rápido do que jamais sonharam. | ||
| 650 | 0 |
_aLiteratura Americana _984 |
|
| 650 | 0 |
_aEspiritualidade _916 |
|
| 650 | 0 |
_aFilosofia _94 |
|
| 650 | 0 |
_aAnimais _959 |
|
| 650 | 0 |
_aAuto Conhecimento _919 |
|
| 650 | 0 |
_aFilme _926 |
|
| 655 | 0 |
_aRomance _923 |
|
| 655 | 0 |
_aFicção _922 |
|
| 700 |
_aAntonio Ramos Rosa _eTradutor _9104 |
||
| 700 |
_aMadalena Rosález _eTradutor _9105 |
||
| 700 |
_aRussell Munson _eFotografia _9106 |
||
| 942 |
_2ddc _n0 _cBK |
||
| 999 |
_c39 _d39 |
||